UITU Library & LRC     

Image Detection with Real Time Object Classification (CODE BOOK) (Record no. 32331)

MARC details
000 -LEADER
fixed length control field 00580nam a2200145Ia 4500
008 - FIXED-LENGTH DATA ELEMENTS--GENERAL INFORMATION
fixed length control field 260210s9999 xx 000 0 und d
024 ## - OTHER STANDARD IDENTIFIER
Standard number or code 15B-075-BS, 15B-077-BS & 15B-101-BS
082 ## - DEWEY DECIMAL CLASSIFICATION NUMBER
Classification number 005.199072 UZA
100 ## - MAIN ENTRY--PERSONAL NAME
Personal name S.M. Uzair, Faizan Abbasi & Areeb Iqbal
245 #0 - TITLE STATEMENT
Title Image Detection with Real Time Object Classification (CODE BOOK)
260 ## - PUBLICATION, DISTRIBUTION, ETC.
Place of publication, distribution, etc. Karachi:
Name of publisher, distributor, etc. UITU,
Date of publication, distribution, etc. 2015
600 ## - SUBJECT ADDED ENTRY--PERSONAL NAME
Personal name Computer Science
650 ## - SUBJECT ADDED ENTRY--TOPICAL TERM
Topical term or geographic name entry element Bachelor of Computer Science (BS)
856 ## - ELECTRONIC LOCATION AND ACCESS
Uniform Resource Identifier <a href="https://drive.google.com/file/d/19iPa1VJrRw0phxHqYbgNCbCP9gWwGyYQ/view?usp=sharing">https://drive.google.com/file/d/19iPa1VJrRw0phxHqYbgNCbCP9gWwGyYQ/view?usp=sharing</a>
Link text Click here for PDF

No items available.

Powered by Koha